Munka, szabadidő, jóllét a bleisure turizmus komplex megközelítése a kínálati szereplők perspektívájából

Bibliográfiai részletek
Szerző: Takács Nóra
További közreműködők: Boros Dr. Kitti
Dokumentumtípus: TDK dolgozat
Kulcsszavak:bleisure turizmus
jóllét
munka-magánélet
turizmus
turizmusfejlesztés
Online Access:http://dolgozattar.uni-bge.hu/60497

MARC

LEADER 00000nta a2200000 i 4500
001 dolg60497
005 20260416073814.0
008 260416suuuu hu o 000 hun d
040 |a BGE Dolgozattár Repozitórium  |b hun 
041 |a hu 
100 1 |a Takács Nóra 
245 1 0 |a Munka, szabadidő, jóllét  |b a bleisure turizmus komplex megközelítése a kínálati szereplők perspektívájából  |c Takács Nóra  |h [elektronikus dokumentum] 
516 |a Students_Scientific_Association_paper 
520 3 |a Magyarországon az elmúlt öt évben egyre nagyobb teret hódít meg a hivatásturizmust befolyásoló trend, a bleisure turizmus. A bleisure turizmus a hivatás- és szabadidős turizmus ötvözete. A blesiure turizmus lényege, hogy az utazók üzleti útjaikat szabadidős elemekkel egészítik ki, ezáltal meghosszabbítva tartózkodásukat. Rendkívül aktuális, mivel 2022-ben a bleisure turizmus piacát 315,3 milliárd dollárra becsülték, azonban ez a szám 2032-re várhatóan 731,4 milliárd dollárra nőhet (navan.com, 2025). Ennek ellenére a téma hazai szinten alulkutatott, ezért Magyarország és Budapest kontextusában mélyrehatóan érdemes foglalkozni vele. Tudományos munkámban a hivatásturizmus, a bleisure turizmus és testi-lelki jóllét kapcsolatának vizsgálatát helyezem a középpontba budapesti fókusszal. Kutatási rést jelent a bleisure turizmus és a testi-lelki jóllét kapcsolata és egymásra gyakorolt hatása. A kutatásban emellett kitérek a Budapestre érkező bleisure turisták szabadidős igényeinek feltárására is. Mindezek alapján a következő kutatási kérdést fogalmaztam meg, melyre primer kutatásom során a választ keresem:K: Miért játszik meghatározó szerepet a Budapestre érkező bleisure utazók döntéseiben a testi-lelki jóllét fenntartása a szolgáltatások igénybevételekor?K1: Hogyan nyilvánul meg a Budapestre érkező bleisure utazók körében a testi-lelki jóllét jelentősége, amikor szolgáltatásokat vesznek igénybe?K2: Milyen kínálati elemek keltik fel a bleisure utazók érlelődését a budapesti helyszínek és utazásszervezők ajánlatában a szellemi és testi jóllétük megőrzésének érdekében?Kutatási kérdéseim megválaszolására kvalitatív kutatásmódszertannal keresem a válaszokat. Annak érdekében, hogy a kutatásom relevánsnak bizonyuljon és átfogó képet kapjak a bleisure turisták igényeiről félig strukturált szakértői interjúkat készítek a kínálati szektor képviselőivel.Összesen 19 darab szakértői interjút készítek a hazai hivatásturizmus kínálati szereplőivel.Várhatóan még nem túl elterjedt a bleisure turisták jólléti igényeire való tudatos fókuszálás. Ennek oka az irányzat hazai környezetben való újszerűségére vezethető vissza. A kutatás eredményei értékes gyakorlati és elméleti információkat nyújthatnak a szolgáltatói szektor résztvevőinek, ugyanis a budapesti szolgáltatók nagymértékben fókuszálnak a nemzetközi megrendelőkre, ezért fel kell készülniük az esetleges igényekre és elvárásokra. A kutatás eredményei gyakorlati javaslatokként szolgálhatnak a kínálati szektor számára.navan.com, 2025. What to know about bleisure travel in 2025. [online] Elérhető:https://navan.com/blog/bleisure-travel-statistics[Hozzáférés dátuma: 2025. 10. 20.]. 
695 |a bleisure turizmus 
695 |a jóllét 
695 |a munka-magánélet 
695 |a turizmus 
695 |a turizmusfejlesztés 
700 1 |a Boros Dr. Kitti  |e ths 
856 4 0 |u http://dolgozattar.uni-bge.hu/60497/1/Tak%C3%A1cs_N%C3%B3ra_NGK.pdf  |z Dokumentum-elérés 
856 4 0 |u http://dolgozattar.uni-bge.hu/60497/2/08_BGE%20TDK_Szerz%C5%91i%20hozz%C3%A1j%C3%A1rul%C3%A1s%20nyilatkozat%202025.pdf  |z Dokumentum-elérés 
856 4 0 |u http://dolgozattar.uni-bge.hu/60497/3/Tak%C3%A1cs_N%C3%B3ra_NGK.docx  |z Dokumentum-elérés 
856 4 0 |u http://dolgozattar.uni-bge.hu/60497/4/Takacs%20Nora%20NGK%20HS.pdf  |z Dokumentum-elérés 
856 4 0 |u http://dolgozattar.uni-bge.hu/60497/5/Takacs_Nora_NGK_KE.pdf  |z Dokumentum-elérés